[Event "CZE-chT2A 1415"]
[Site "Czech Republic"]
[Date "2014.11.16"]
[Round "2.6"]
[White "Karlik, Jiri"]
[Black "Janocko, Petr"]
[Result "1-0"]
[WhiteElo "2268"]
[BlackElo "2039"]
[PlyCount "43"]
[EventDate "2014.11.02"]
[EventType "team-tourn"]
[EventRounds "11"]
[EventCountry "CZE"]
[SourceTitle "EXT 2022"]
[Source "ChessBase"]
[SourceDate "2021.10.06"]
[SourceVersion "1"]
[SourceVersionDate "2021.10.06"]
[SourceQuality "1"]
[WhiteTeam "Kozolupy"]
[BlackTeam "Line"]
[WhiteTeamCountry "CZE"]
[BlackTeamCountry "CZE"]

1. e4 c6 2. d4 d5 3. exd5 cxd5 4. Bd3 Nc6 5. c3 Nf6 6. Bf4 g6 7. Nf3 Bg7 8. h3 0-0 9. 0-0 Bd7 10. Nbd2 Rc8 11. Bh2 Qb6 12. Qb3 Qxb3 13. axb3 a6 14. b4 Na7 15. Rfe1 e6 16. Nb3 Ra8 17. Nc5 Bc8 18. Ne5 Nh5 19. g4 Nf6 20. Ra2 Rd8 21. b5 a5 22. b6 1-0

[Event "CZE-chT2A 0910"]
[Site "Czech Republic"]
[Date "2010.03.28"]
[Round "10.8"]
[White "Karlik, Jiri"]
[Black "Pravdik, Kamil"]
[Result "1-0"]
[WhiteElo "2294"]
[BlackElo "2015"]
[PlyCount "43"]
[EventDate "2009.10.18"]
[EventType "team-tourn"]
[EventRounds "11"]
[EventCountry "CZE"]
[SourceTitle "EXT 2012"]
[Source "ChessBase"]
[SourceDate "2011.11.24"]
[SourceVersion "1"]
[SourceVersionDate "2011.11.24"]
[SourceQuality "1"]
[WhiteTeam "Kozolupy"]
[BlackTeam "Tabor"]
[WhiteTeamCountry "CSR"]
[BlackTeamCountry "CZE"]

1. e4 c5 2. d4 cxd4 3. c3 dxc3 4. Nxc3 Nc6 5. Nf3 e6 6. Bc4 a6 7. 0-0 Nge7 8. Bf4 Ng6 9. Bg3 Be7 10. Qe2 0-0 11. Rfd1 b5 12. Bb3 Qb6 13. h4 Rd8 14. h5 Nf8 15. e5 f5 16. exf6 gxf6 17. Bd6 Nd4 18. Rxd4 Bxd6 19. Rad1 Be7 20. Nd5 Qc5 21. Rg4+ Kh8 22. Ne5 1-0

[Event "CZE-chT2A 0910"]
[Site "Czech Republic"]
[Date "2009.11.22"]
[Round "3.8"]
[White "Karlik, Jiri"]
[Black "Nebehaj, Ondrej"]
[Result "1/2-1/2"]
[WhiteElo "2294"]
[BlackElo "1795"]
[PlyCount "59"]
[EventDate "2009.10.18"]
[EventType "team-tourn"]
[EventRounds "11"]
[EventCountry "CZE"]
[SourceTitle "EXT 2012"]
[Source "ChessBase"]
[SourceDate "2011.11.24"]
[SourceVersion "1"]
[SourceVersionDate "2011.11.24"]
[SourceQuality "1"]
[WhiteTeam "Kozolupy"]
[BlackTeam "Domazlice"]
[WhiteTeamCountry "CSR"]
[BlackTeamCountry "CZE"]

1. e4 e5 2. Bc4 Bc5 3. Nf3 Nc6 4. 0-0 d6 5. c3 Bg4 6. b4 Bb6 7. a4 a5 8. b5 Nce7 9. Bxf7+ Kf8 10. Ba2 Nf6 11. d3 d5 12. exd5 Nexd5 13. Ba3+ Ke8 14. Re1 e4 15. dxe4 Nf4 16. Nbd2 Nd3 17. Qb3 Bxf2+ 18. Kf1 Qd7 19. Re2 Nh5 20. Rxf2 Nxf2 21. Ne5 Qxd2 22. Qf7+ Kd8 23. Qe7+ Kc8 24. Be6+ Bxe6 25. Qxe6+ Kb8 26. Bc5 Nf4 27. Nd7+ Kc8 28. Nb6+ Kb8 29. Nd7+ Kc8 30. Nb6+ 1/2-1/2

[Event "Frydek Mistek op-B"]
[Site "Frydek Mistek"]
[Date "1997.??.??"]
[Round "7"]
[White "Kornilovich, Vitaly Eduardovich"]
[Black "Karlik, Jiri"]
[Result "0-1"]
[WhiteElo "2220"]
[BlackElo "2345"]
[PlyCount "75"]
[EventDate "1997.??.??"]
[EventType "swiss"]
[EventRounds "9"]
[EventCountry "CZE"]
[SourceTitle "EXT 1998"]
[Source "ChessBase"]
[SourceDate "1997.11.17"]
[SourceVersion "1"]
[SourceVersionDate "1997.11.17"]
[SourceQuality "1"]

1. e4 g6 2. d4 Bg7 3. Nc3 c6 4. Bc4 d6 5. Be3 Nf6 6. h3 d5 7. exd5 cxd5 8. Bd3 Nc6 9. Nf3 0-0 10. a3 a6 11. 0-0 b5 12. Ne5 Bb7 13. f4 Nxe5 14. fxe5 Ne4 15. Qg4 f5 16. exf6 exf6 17. Qh4 f5 18. Qxd8 Raxd8 19. Bxe4 dxe4 20. Ne2 Bd5 21. c3 Bc4 22. Rf2 Bf6 23. Kh2 Be7 24. Nc1 g5 25. b3 Bd6+ 26. g3 Rc8 27. Ne2 Bxb3 28. Kg2 Bc4 29. a4 Bxe2 30. Rxe2 f4 31. gxf4 gxf4 32. Bxf4 Rxf4 33. axb5 axb5 34. Ra7 Rh4 35. Rb7 Rxc3 36. Rxb5 e3 37. Rf5 Rd3 38. d5 0-1

[Event "Frydek Mistek op-B"]
[Site "Frydek Mistek"]
[Date "1997.??.??"]
[Round "2"]
[White "Kostak, Tatiana"]
[Black "Karlik, Jiri"]
[Result "1-0"]
[WhiteElo "2065"]
[BlackElo "2345"]
[PlyCount "107"]
[EventDate "1997.??.??"]
[EventType "swiss"]
[EventRounds "9"]
[EventCountry "CZE"]
[SourceTitle "EXT 1998"]
[Source "ChessBase"]
[SourceDate "1997.11.17"]
[SourceVersion "1"]
[SourceVersionDate "1997.11.17"]
[SourceQuality "1"]

1. d4 Nf6 2. c4 g6 3. Nc3 Bg7 4. e4 d6 5. f4 0-0 6. Nf3 Na6 7. Be2 e5 8. dxe5 dxe5 9. Qxd8 Rxd8 10. fxe5 Ng4 11. Bg5 Re8 12. Nd5 Nxe5 13. 0-0-0 Ng4 14. Rhf1 h6 15. Bf4 c6 16. Nc3 g5 17. Bd2 Nc5 18. h3 Nf6 19. e5 Nfe4 20. Nxe4 Nxe4 21. Be1 g4 22. hxg4 Bxg4 23. Rd4 f5 24. Bh4 Nc5 25. b4 Ne6 26. Rd7 a5 27. c5 axb4 28. Bc4 Kh8 29. Be7 f4 30. Rxb7 Nd8 31. Rc7 Be6 32. Bd3 Bxa2 33. Nh4 Ne6 34. Ng6+ Kg8 35. Rb7 Bd5 36. Rxb4 Ra1+ 37. Bb1 Ra5 38. Bd6 f3 39. gxf3 Nxc5 40. Ne7+ Kh8 41. Nxd5 cxd5 42. f4 Rc8 43. Kd2 Ne4+ 44. Bxe4 dxe4 45. Ke3 Ra7 46. Kxe4 Re8 47. Kd5 Kh7 48. Rb5 Rd8 49. Rb8 Rad7 50. Rxd8 Rxd8 51. f5 Kg8 52. f6 Bf8 53. f7+ Kg7 54. Ke6 1-0

[Event "CZE-chT 9697"]
[Site "Czech Republic"]
[Date "1997.??.??"]
[Round "9"]
[White "Pisk, Petr"]
[Black "Karlik, Jiri"]
[Result "1-0"]
[WhiteElo "2305"]
[BlackElo "2345"]
[PlyCount "55"]
[EventDate "1996.??.??"]
[EventType "team-tourn"]
[EventRounds "11"]
[EventCountry "CZE"]
[SourceTitle "EXT 2019"]
[Source "ChessBase"]
[SourceDate "2018.10.10"]
[SourceVersion "1"]
[SourceVersionDate "2018.10.10"]
[SourceQuality "1"]
[WhiteTeam "Havrice"]
[BlackTeam "Plzen"]
[WhiteTeamCountry "CZE"]
[BlackTeamCountry "CZE"]

1. e4 c5 2. Nf3 Nc6 3. c3 d6 4. d4 Nf6 5. Bd3 g6 6. h3 Bg7 7. 0-0 0-0 8. Nbd2 Nd7 9. d5 Na5 10. Rb1 b6 11. Qe2 Re8 12. Rd1 e6 13. dxe6 fxe6 14. Nc4 Nb7 15. Bf4 d5 16. Nce5 Rf8 17. Bg3 Nxe5 18. Nxe5 Nd6 19. exd5 exd5 20. Nc6 Qd7 21. Ne7+ Kh8 22. Bxg6 hxg6 23. Nxg6+ Kg8 24. Nxf8 Bxf8 25. Rxd5 Bb7 26. Rg5+ Bg7 27. Rd1 Qe8 28. Qg4 1-0

[Event "Landesliga Nord 9596"]
[Site "Bayern"]
[Date "1996.??.??"]
[Round "?"]
[White "Bartels, Frank"]
[Black "Karlik, Jiri"]
[Result "1-0"]
[WhiteElo "2345"]
[BlackElo "2300"]
[PlyCount "69"]
[EventDate "1995.10.??"]
[EventType "team-tourn"]
[EventRounds "9"]
[EventCountry "GER"]
[SourceTitle "EXT 2020"]
[Source "ChessBase"]
[SourceDate "2019.10.17"]
[SourceVersion "1"]
[SourceVersionDate "2019.10.17"]
[SourceQuality "1"]
[WhiteTeam "Obernburg"]
[BlackTeam "Kelheim"]
[WhiteTeamCountry "GER"]
[BlackTeamCountry "GER"]

1. d4 Nf6 2. Nf3 e6 3. c4 Bb4+ 4. Nbd2 c5 5. a3 Bxd2+ 6. Bxd2 cxd4 7. Nxd4 Nc6 8. Bc3 0-0 9. Nxc6 dxc6 10. Qxd8 Rxd8 11. f3 Ne8 12. e4 c5 13. Rd1 Bd7 14. b3 f6 15. e5 f5 16. Bd3 Bc6 17. Ke2 Kf7 18. Bc2 Rxd1 19. Rxd1 a5 20. a4 b6 21. g4 g6 22. Ke3 Ke7 23. Be1 Rb8 24. Bh4+ Kf7 25. Rd8 Rb7 26. Rc8 Bd7 27. Ra8 h6 28. gxf5 g5 29. fxe6+ Bxe6 30. Bf2 Ng7 31. Be4 Nf5+ 32. Ke2 Re7 33. Rb8 Ng7 34. Rxb6 Bf5 35. Bxf5 1-0

[Event "Landesliga Nord 9596"]
[Site "Bayern"]
[Date "1996.??.??"]
[Round "?"]
[White "Karlik, Jiri"]
[Black "Kraft, Volker"]
[Result "0-1"]
[WhiteElo "2300"]
[BlackElo "1997"]
[PlyCount "106"]
[EventDate "1995.10.??"]
[EventType "team-tourn"]
[EventRounds "9"]
[EventCountry "GER"]
[SourceTitle "EXT 2020"]
[Source "ChessBase"]
[SourceDate "2019.10.17"]
[SourceVersion "1"]
[SourceVersionDate "2019.10.17"]
[SourceQuality "1"]
[WhiteTeam "Kelheim"]
[BlackTeam "Zirndorf"]
[WhiteTeamCountry "GER"]
[BlackTeamCountry "GER"]

1. e4 c5 2. c3 d5 3. exd5 Qxd5 4. d4 cxd4 5. cxd4 Nc6 6. Nf3 e5 7. Nc3 Bb4 8. Bd2 Bxc3 9. Bxc3 e4 10. Ne5 Nxe5 11. dxe5 Ne7 12. Qa4+ Bd7 13. Qa3 Qe6 14. Rd1 0-0 15. Rd6 Qf5 16. Be2 Bc6 17. Qc5 Ng6 18. Qd4 Qg5 19. e6 Nf4 20. exf7+ Kh8 21. h4 Qxg2 22. Bf1 Nd3+ 23. Kd1 Qf3+ 24. Kc2 Rxf7 25. Rg1 Qxf2+ 26. Qxf2 Rxf2+ 27. Kb3 Rf7 28. h5 Kg8 29. Bh3 Re8 30. Bd4 Nf4 31. Bf1 Bd5+ 32. Ka3 e3 33. Bb5 Rc8 34. Bxe3 a6 35. Bf1 Rcf8 36. h6 g6 37. Bxf4 Rxf4 38. Rxd5 Rxf1 39. Rg4 R1f3+ 40. b3 b5 41. Rd7 R3f7 42. Rgd4 g5 43. R7d5 Rf5 44. Rd7 Kh8 45. R4d6 g4 46. Rxa6 Rh5 47. Rg7 Rxh6 48. Rxh6 Kxg7 49. Rh5 Kg6 50. Rxb5 g3 51. Rb6+ Kf5 52. Rb7 Rg8 53. Rf7+ Kg4 0-1

[Event "CZE-chT 9697"]
[Site "Czech Republic"]
[Date "1996.??.??"]
[Round "3"]
[White "Zurek, Milan"]
[Black "Karlik, Jiri"]
[Result "1-0"]
[WhiteElo "2445"]
[BlackElo "2355"]
[PlyCount "79"]
[EventDate "1996.??.??"]
[EventType "team-tourn"]
[EventRounds "11"]
[EventCountry "CZE"]
[SourceTitle "EXT 2019"]
[Source "ChessBase"]
[SourceDate "2018.10.10"]
[SourceVersion "1"]
[SourceVersionDate "2018.10.10"]
[SourceQuality "1"]
[WhiteTeam "Grygov A64 Valoz"]
[BlackTeam "Plzen"]
[WhiteTeamCountry "CZE"]
[BlackTeamCountry "CZE"]

1. d4 e5 2. dxe5 Nc6 3. Nf3 Qe7 4. Qd5 f6 5. exf6 Nxf6 6. Qb3 d5 7. Bg5 Bd7 8. Qe3 Be6 9. Nc3 h6 10. Bxf6 gxf6 11. 0-0-0 0-0-0 12. Nb5 Kb8 13. Nfd4 Nxd4 14. Qxd4 a6 15. Qa7+ Kc8 16. Nd4 c5 17. Nb3 Qc7 18. e4 Bd6 19. exd5 Bf5 20. Bd3 Bxd3 21. Rxd3 Kd7 22. Rc3 Rc8 23. Re1 Rhe8 24. Rxe8 Kxe8 25. g3 Kf7 26. Nd2 Kg6 27. Nc4 b5 28. Qxc7 Bxc7 29. d6 Bd8 30. Ne3 c4 31. Nd5 Kf7 32. Ra3 Rc6 33. Nb4 Rxd6 34. Rxa6 Bb6 35. c3 Ke6 36. a4 bxa4 37. Rxa4 Bxf2 38. Nc2 Rc6 39. Kd1 Kd5 40. Nb4+ 1-0

[Event "CZE-chT 9495"]
[Site "Czech Republic"]
[Date "1995.02.12"]
[Round "8"]
[White "Karlik, Jiri"]
[Black "Jirovsky, Pavel"]
[Result "1/2-1/2"]
[WhiteElo "2355"]
[BlackElo "2315"]
[PlyCount "43"]
[EventDate "1994.10.15"]
[EventType "team-tourn"]
[EventRounds "9"]
[EventCountry "CZE"]
[SourceTitle "EXT 2019"]
[Source "ChessBase"]
[SourceDate "2018.10.10"]
[SourceVersion "1"]
[SourceVersionDate "2018.10.10"]
[SourceQuality "1"]
[WhiteTeam "Plzen"]
[BlackTeam "Kolin SK Sokol"]
[WhiteTeamCountry "CZE"]
[BlackTeamCountry "CZE"]

1. e4 c5 2. d4 cxd4 3. c3 d5 4. exd5 Qxd5 5. cxd4 Nc6 6. Nf3 e6 7. Nc3 Qd8 8. Bc4 Nf6 9. 0-0 Be7 10. Qe2 0-0 11. Rd1 Nb4 12. Bg5 a6 13. a3 Nbd5 14. Rac1 Nxc3 15. Rxc3 b5 16. Ba2 Bb7 17. Bxf6 Bxf6 18. Ne5 Bd5 19. Bb1 g6 20. Rh3 Bg7 21. Qe3 Qe7 22. Nd3 1/2-1/2

[Event "Landesliga Nord 9495"]
[Site "Bayern"]
[Date "1995.??.??"]
[Round "?.2"]
[White "Fuchs, Gerhard"]
[Black "Karlik, Jiri"]
[Result "0-1"]
[WhiteElo "2140"]
[BlackElo "2310"]
[PlyCount "64"]
[EventDate "1994.10.09"]
[EventType "team-tourn"]
[EventRounds "9"]
[EventCountry "GER"]
[SourceTitle "EXT 1999"]
[Source "ChessBase"]
[SourceDate "1998.11.16"]
[SourceVersion "1"]
[SourceVersionDate "1998.11.16"]
[SourceQuality "1"]
[WhiteTeam "Nuernberg Grundig SC"]
[BlackTeam "Kelheim"]
[WhiteTeamCountry "GER"]
[BlackTeamCountry "GER"]

1. e4 c5 2. b3 Nf6 3. Bc4 Nxe4 4. Bxf7+ Kxf7 5. Qh5+ g6 6. Qd5+ e6 7. Qxe4 Bg7 8. Nc3 Rf8 9. Nf3 d5 10. Ne5+ Kg8 11. Qe2 Qg5 12. f4 Qxf4 13. Nd3 Qh4+ 14. g3 Qh3 15. Ba3 b6 16. 0-0-0 Nc6 17. Nf4 Qh6 18. Qg2 g5 19. Nd3 Ba6 20. Nf2 Nd4 21. Kb1 Rf3 22. Rhe1 Raf8 23. Ng4 Qg6 24. d3 h5 25. Ne5 Bxe5 26. Rxe5 Rf2 27. Qh1 Qf6 28. Qe1 Nxc2 29. Rxg5+ Kf7 30. Qxf2 Nxa3+ 31. Kb2 Qxf2+ 32. Kxa3 Qf6 0-1

[Event "Landesliga Nord 9495"]
[Site "Bayern"]
[Date "1995.??.??"]
[Round "?.2"]
[White "Karlik, Jiri"]
[Black "Siepelt, Heiner"]
[Result "1-0"]
[WhiteElo "2355"]
[BlackElo "2360"]
[PlyCount "87"]
[EventDate "1994.10.09"]
[EventType "team-tourn"]
[EventRounds "9"]
[EventCountry "GER"]
[SourceTitle "EXT 1999"]
[Source "ChessBase"]
[SourceDate "1998.11.16"]
[SourceVersion "1"]
[SourceVersionDate "1998.11.16"]
[SourceQuality "1"]
[WhiteTeam "Kelheim"]
[BlackTeam "Kitzingen SC"]
[WhiteTeamCountry "GER"]
[BlackTeamCountry "GER"]

1. e4 c5 2. c3 g6 3. d4 cxd4 4. cxd4 d5 5. e5 Bg7 6. Nc3 Nc6 7. g3 Nh6 8. Bg2 e6 9. Nge2 Nf5 10. 0-0 f6 11. f4 fxe5 12. dxe5 0-0 13. Rf3 b5 14. Rf2 Bd7 15. Nxb5 Nxe5 16. Ned4 Nxd4 17. Nxd4 Ng4 18. Rc2 Qb6 19. Qxg4 Qxd4+ 20. Kh1 Rac8 21. Rxc8 Rxc8 22. Qe2 Qa4 23. h4 Rc2 24. Qe1 Qc4 25. h5 Qe2 26. Qxe2 Rxe2 27. Bf1 Re1 28. Kg2 Bd4 29. hxg6 hxg6 30. Bd3 Be3 31. Bxe3 Rxa1 32. Bxg6 Rxa2 33. Bd4 Ra4 34. Be5 d4 35. g4 Rb4 36. Kg3 Rxb2 37. Bxd4 Rb3+ 38. Kh4 a5 39. Kg5 Rb4 40. Be5 Rb5 41. Kf6 Rxe5 42. fxe5 a4 43. Bf7+ Kf8 44. g5 1-0

[Event "Oberliga Bayern 9394"]
[Site "Bayern"]
[Date "1994.01.16"]
[Round "4.1"]
[White "Smejkal, Jan"]
[Black "Karlik, Jiri"]
[Result "1-0"]
[WhiteElo "2515"]
[BlackElo "2300"]
[PlyCount "87"]
[EventDate "1993.10.10"]
[EventType "team-tourn"]
[EventRounds "9"]
[EventCountry "GER"]
[SourceTitle "EXT 2020"]
[Source "ChessBase"]
[SourceDate "2019.10.17"]
[SourceVersion "1"]
[SourceVersionDate "2019.10.17"]
[SourceQuality "1"]
[WhiteTeam "Passau"]
[BlackTeam "Kelheim SC"]
[WhiteTeamCountry "GER"]
[BlackTeamCountry "GER"]

1. c4 c5 2. Nf3 g6 3. d4 cxd4 4. Nxd4 Bg7 5. e4 Nc6 6. Be3 Nf6 7. Nc3 Ng4 8. Qxg4 Bxd4 9. Bxd4 Nxd4 10. 0-0-0 Ne6 11. f4 b5 12. cxb5 Qa5 13. f5 Nc7 14. Bc4 e6 15. Qf4 Bb7 16. Qd6 0-0-0 17. Rd2 gxf5 18. exf5 Rhg8 19. Rg1 Ne8 20. Qf4 Qc7 21. Qxc7+ Nxc7 22. Bd3 d5 23. Re1 d4 24. Ne4 h6 25. g3 exf5 26. Nf6 Rg5 27. Nh7 Rgg8 28. Nf6 Rg5 29. Rf2 Kb8 30. Rxf5 Rxf5 31. Bxf5 Nxb5 32. Kd2 Nd6 33. Bd3 Bc8 34. Re5 Be6 35. b3 Ne8 36. Nxe8 Rxe8 37. Bc4 Kc7 38. Bxe6 fxe6 39. Kd3 Kd6 40. Kxd4 Rc8 41. Ra5 Rc7 42. b4 Rc2 43. Ra6+ Ke7 44. Rxa7+ 1-0

[Event "Landesliga Nord 9495"]
[Site "Bayern"]
[Date "1994.??.??"]
[Round "?.2"]
[White "Karlik, Jiri"]
[Black "Fodre, Sandor"]
[Result "0-1"]
[WhiteElo "2355"]
[BlackElo "2265"]
[PlyCount "54"]
[EventDate "1994.10.09"]
[EventType "team-tourn"]
[EventRounds "9"]
[EventCountry "GER"]
[SourceTitle "EXT 1999"]
[Source "ChessBase"]
[SourceDate "1998.11.16"]
[SourceVersion "1"]
[SourceVersionDate "1998.11.16"]
[SourceQuality "1"]
[WhiteTeam "Kelheim"]
[BlackTeam "Cham"]
[WhiteTeamCountry "GER"]
[BlackTeamCountry "GER"]

1. e4 c5 2. Nf3 Nc6 3. Nc3 e5 4. Nd5 d6 5. c3 Nf6 6. Bb5 Bd7 7. Nxf6+ Qxf6 8. d3 Qg6 9. Bc4 Be7 10. h4 Nd8 11. Bd5 h6 12. Be3 Qxg2 13. Rg1 Qh3 14. Rg3 Qh1+ 15. Rg1 Qh3 16. Kd2 Bc6 17. Rg3 Qd7 18. Rxg7 Ne6 19. Bxe6 Qxe6 20. c4 Bf8 21. Rg3 0-0-0 22. h5 f5 23. exf5 Qxf5 24. Nh4 Qf6 25. Ng6 Rg8 26. Qg4+ Kb8 27. Qh4 Rxg6 0-1

[Event "CSR-chT"]
[Site "Czechoslovakia"]
[Date "1992.??.??"]
[Round "?"]
[White "Karlik, Jiri"]
[Black "Vavruska, Antonin"]
[Result "1-0"]
[WhiteElo "2300"]
[BlackElo "2280"]
[PlyCount "101"]
[EventDate "1992.??.??"]
[EventType "team"]
[EventRounds "13"]
[EventCountry "CSR"]
[SourceTitle "TD"]
[Source "ChessBase"]
[SourceDate "1994.03.01"]
[SourceVersion "1"]
[SourceVersionDate "1994.03.01"]
[SourceQuality "1"]

1. d4 e6 2. Nf3 f5 3. Bg5 Nf6 4. Nbd2 d5 5. e3 Nbd7 6. c4 c6 7. Qc2 Qa5 8. cxd5 cxd5 9. Be2 Ne4 10. Bf4 Bb4 11. a3 0-0 12. Rd1 Bd6 13. Bxd6 Nxd6 14. 0-0 Nf6 15. Ne5 Bd7 16. Qc5 Qxc5 17. dxc5 Nf7 18. Nxf7 Rxf7 19. Nf3 Ne4 20. Rc1 Rc8 21. b4 Ba4 22. Bd3 Nf6 23. Nd4 Re7 24. b5 Kf8 25. c6 bxc6 26. Nxc6 Rec7 27. Rb1 Nd7 28. Rb4 Nb6 29. g4 g6 30. g5 Kg7 31. Rfb1 Re8 32. f4 Rec8 33. Kf2 Kf7 34. Rd4 Ke8 35. Rbb4 Bd1 36. Bxf5 gxf5 37. Rxd1 a6 38. Nd4 axb5 39. Rxb5 Nd7 40. Nxe6 Rc2+ 41. Kf3 Rxh2 42. Ng7+ Kf8 43. Nxf5 Rcc2 44. Rdxd5 Rhf2+ 45. Ke4 Rc7 46. Nd4 Kf7 47. Nf3 Nf8 48. Ne5+ Kg7 49. f5 h5 50. gxh6+ Kg8 51. Rb8 1-0

[Event "CZE-chT 8788"]
[Site "Czechoslovakia"]
[Date "1988.??.??"]
[Round "?"]
[White "Hosticka, Frantisek"]
[Black "Karlik, Jiri"]
[Result "0-1"]
[WhiteElo "2275"]
[BlackElo "2325"]
[PlyCount "74"]
[EventDate "1988.??.??"]
[EventType "team"]
[EventRounds "11"]
[EventCountry "CSR"]
[SourceTitle "EXT 1997"]
[Source "ChessBase"]
[SourceDate "1996.11.15"]
[SourceVersion "1"]
[SourceVersionDate "1996.11.15"]
[SourceQuality "1"]

1. e4 g6 2. d4 Bg7 3. Nc3 c6 4. h4 h6 5. Be3 Nf6 6. f3 d6 7. Qd2 Qa5 8. Nge2 Nbd7 9. Ng3 h5 10. Be2 a6 11. Nf1 c5 12. g4 cxd4 13. Bxd4 hxg4 14. 0-0-0 gxf3 15. Bxf3 Ne5 16. Bxe5 Qxe5 17. Kb1 Be6 18. h5 Nxh5 19. Ne3 Rc8 20. Bxh5 Rxh5 21. Rxh5 Qxh5 22. Ncd5 Bxd5 23. Nxd5 Rc4 24. c3 Qf3 25. Ka1 Bh6 26. Qc2 Rxe4 27. a3 Re5 28. c4 Kf8 29. Nc3 Bg7 30. Rd3 Re3 31. Rxe3 Qxe3 32. Nd5 Qxa3+ 33. Kb1 Qc5 34. Qe2 Be5 35. Ne3 Qd4 36. Ng4 Kg7 37. c5 Qxc5 0-1

[Event "Bytom"]
[Site "Bytom"]
[Date "1988.??.??"]
[Round "3"]
[White "Karlik, Jiri"]
[Black "Michenka, Jozef"]
[Result "1-0"]
[WhiteElo "2325"]
[BlackElo "2310"]
[PlyCount "83"]
[EventDate "1988.??.??"]
[EventType "tourn"]
[EventRounds "11"]
[EventCountry "POL"]
[EventCategory "5"]
[SourceTitle "EXT 1997"]
[Source "ChessBase"]
[SourceDate "1996.11.15"]
[SourceVersion "1"]
[SourceVersionDate "1996.11.15"]
[SourceQuality "1"]

1. e4 c5 2. Nf3 Nc6 3. d4 cxd4 4. Nxd4 g6 5. c4 Nf6 6. Nc3 d6 7. Be2 Nxd4 8. Qxd4 Bg7 9. 0-0 0-0 10. Qd3 Nd7 11. Bg5 Nc5 12. Qe3 Be6 13. Rac1 a5 14. b3 Qd7 15. f4 Rae8 16. Bf3 Kh8 17. Kh1 Qc8 18. Rfe1 Rg8 19. Qd2 f6 20. Bh4 Bh6 21. Bf2 Bg4 22. Qe2 Bxf3 23. Qxf3 g5 24. Bxc5 g4 25. Qf2 dxc5 26. Nd5 Qc6 27. Qh4 Rg6 28. Rcd1 Bf8 29. f5 Rg5 30. Nf4 a4 31. Ne6 Rg8 32. Qh5 axb3 33. axb3 Qc8 34. Rd5 b6 35. Red1 Bg7 36. Nf4 Bf8 37. Ne6 g3 38. R5d3 Qc6 39. Rxg3 Rxg3 40. hxg3 Ra8 41. Qf7 Qxe4 42. Rd8 1-0